00565nam a2200145 a 4500008004100000050001200041110005500053245007200108260004700180300001500227350000900242500012000251650001300371650003500384060830s2006 ||||||||||||||||| || u aUNO(02) aUnited Nations Economic and Social Affairs (UNESA)10aGuidelines on meetings planning and coordinationcby United Nations aGeneva:bUnited Nations Organizationc2006 a79p.: ill. a0.00 aConference services division.central planning and coordination service.meetings coordination and servicing section. aMEETINGS aCENTRAL PLANNING -- CONGRESSES